Study of electro-optical properties of conjugated hydrocarbons

Salvato in:
Dettagli Bibliografici
Autore principale: Matuszná, Katarína
Natura: Libro
Lingua:inglese
Pubblicazione: Bratislava STU FCHPT 2010
Accesso online:Visualizza in OPAC
Tags: Aggiungi Tag
Nessun Tag, puoi essere il primo ad aggiungerne!!

MARC

LEADER 00000nam a2200000 a 4500
005 20260127134244.0
008 110204 2010 xo 000 0 eng d
035 |a vtls010208967 
039 9 |y 201102041024  |z mschk03 
040 |a STUSCHK1  |b slo  |c STUSCHK1  |e AACR2 
100 1 |a Matuszná, Katarína 
245 1 |a Study of electro-optical properties of conjugated hydrocarbons  |c Katarína Matuszná 
260 |a Bratislava  |b STU FCHPT  |c 2010 
300 |a 117 s.  |b il.  |c 30 cm 
500 |a Dizertačná práca 
500 |a Obháj.: 26.11. 2010 
500 |a Študijný program: Chemická fyzika 
500 |a Evidenčné číslo: FCHPT-3309-10054 
500 |a Fakultachemickej a potravinárskej technológie, Odd. chemickej fyziky 
910 |a SCHK95 
999 |c 7995  |d 7995